| 000 | 00956nam a22002897a 4500 | ||
|---|---|---|---|
| 001 | 4907 | ||
| 003 | FISKH | ||
| 005 | 20241023145513.0 | ||
| 008 | 241023b cb ||||| |||| 00| 0 eng d | ||
| 020 | _a1584850396 | ||
| 040 |
_aFISKH _beng _cFISKH _dFISKH |
||
| 050 | _aSF302.G56 | ||
| 082 | _a636.1 | ||
| 100 | _aDecaire, Camela | ||
| 245 |
_aGirls and Their Horses (American Girl Library) / _cby Camela Decaire |
||
| 260 |
_aWisconsin : _bPleasant Company Publications ; _c2000 . |
||
| 300 |
_a64 pages : _bcolor illustrations ' _c23 cm . |
||
| 490 | _a American Girl Library | ||
| 505 | _aZ | ||
| 520 | _aText and photographs present stories of girls who ride in rodeos, show jump, train miniature horses and wild ponies, and live on a horse farm. | ||
| 521 | 8 |
_a920
_bLexile |
|
| 521 | 8 |
_aZ
_bRaz-Plus |
|
| 650 |
_ahorses _vJuvenile literature |
||
| 700 |
_aWatkins, Michelle _eeditor |
||
| 942 |
_2ddc _cBK _n0 |
||
| 999 |
_c4907 _d4907 |
||